Inside windows NT /

Gespeichert in:
Bibliographische Detailangaben
1. Verfasser: Custer, Helen (Verfasst von)
Format: Buch
Sprache:Englisch
Veröffentlicht: Redmond : Microsoft Press, 1993
Ausgabe:1.vyd.
Tags: Tag hinzufügen
Keine Tags, Fügen Sie das erste Tag hinzu!

MARC

LEADER 00000nam a22000003a 4500
001 stu3863
005 20200923115315.3
008 930524s1993----xxu-----------------eng-d
020 |a 1-55615-481-X 
040 |a STU  |b slo 
041 0 |a eng 
044 |a xxu 
080 |a 681.32.06 
080 |a WINDOWS 
080 |a 519.68 
100 1 |a Custer, Helen  |4 aut 
245 1 |a Inside windows NT /  |c [aut.] Custer,Helen 
250 |a 1.vyd. 
260 |a Redmond :  |b Microsoft Press,  |c 1993 
300 |a 385 s 
996 |c I*9OP4765  |l I  |s A  |a 24  |w stu3863_0001